[Event "POL-chT3"]
[Site "Jastrzebia Gora POL"]
[Date "2015.??.??"]
[Round "1.107"]
[White "Kanarkiewicz, Michal"]
[Black "Herman, Monika"]
[Result "1-0"]
[WhiteElo "2077"]
[BlackElo "1735"]
[EventDate "2015.??.??"]
[WhiteTitle "k"]
[BlackTitle "I++"]

1.e4 c5 2.b3 d6 3.Bb2 Nc6 4.f4 Qc7 5.Nc3 Nf6 6.Nf3 Bg4 7.Bb5 a6 8.Bxc6+ 
Qxc6 9.h3 Bd7 10.d3 e6 11.g4 O-O-O 12.Qe2 Rg8 13.O-O-O d5 14.Ne5 Qc7 15.g5
d4 16.Nb1 Ne8 17.Nd2 Bc6 18.Qh5 h6 19.Qxf7 Qxf7 20.Nxf7 Rd7 21.Ne5 Rc7 22.
h4 g6 23.Rdf1 h5 24.Rf2 Nd6 25.Rhf1 b5 26.Kd1 a5 27.Ke2 Kb8 28.c3 dxc3 29.
Bxc3 b4 30.Bb2 Bb7 31.Ndc4 Nxc4 32.Nxc4 a4 33.Be5 a3 34.f5 exf5 35.exf5 
Bg7 36.f6 Re8 37.fxg7 Rxe5+ 38.Nxe5 Rxg7 39.Rf8+ Ka7 40.R1f7 1-0

[Event "POL-chT3"]
[Site "Jastrzebia Gora POL"]
[Date "2015.??.??"]
[Round "1.108"]
[White "Baranska, Monika"]
[Black "Kasperek, Joanna"]
[Result "1/2-1/2"]
[WhiteElo "1686"]
[BlackElo "2051"]
[EventDate "2015.??.??"]
[WhiteTitle "I++"]
[BlackTitle "k++"]

1.d4 Nf6 2.Bg5 c5 3.d5 Ne4 4.Bf4 Qb6 5.Qc1 c4 6.e3 Qa5+ 7.c3 Qxd5 8.f3 Nc5
9.Na3 Nd3+ 10.Bxd3 Qxd3 11.Qd1 Na6 12.Qxd3 cxd3 13.O-O-O d6 14.Rxd3 g6 15.
e4 Bg7 16.Ne2 Bd7 17.Rhd1 b5 18.Nc2 Rc8 19.Kb1 Nc5 20.R3d2 a5 21.Be3 Na6 
22.Bb6 a4 23.Bd4 Bxd4 24.Rxd4 Be6 25.Nf4 O-O 26.Nxe6 fxe6 27.Nb4 Nc5 28.
Rc1 Rb8 29.Nc6 Rb6 30.Nb4 Rfb8 31.Rcd1 Rc8 32.Nc2 Kg7 33.R4d2 Rcb8 34.Rd4 
Rc8 35.R4d2 Rcb8 36.Rd4 Rc8 37.R4d2 Rcb8 38.Rd4 Rc8 39.R4d2 Rcb8 40.Rd4 
Rc8 1/2-1/2

[Event "POL-chT3"]
[Site "Jastrzebia Gora POL"]
[Date "2015.??.??"]
[Round "2.1"]
[White "Kantans, Toms"]
[Black "Krogulski, Grzegorz"]
[Result "1-0"]
[WhiteElo "2502"]
[BlackElo "2304"]
[EventDate "2015.??.??"]
[WhiteTitle "IM"]
[BlackTitle "m"]

1.e4 c5 2.Nf3 Nc6 3.d4 cxd4 4.Nxd4 d5 5.exd5 Qxd5 6.Be3 Nxd4 7.Nc3 Qa5 8.
Qxd4 e5 9.Qd5 Qxd5 10.Nxd5 Bd6 11.O-O-O Bd7 12.Bc4 Rc8 13.Bb3 Bb8 14.Rhe1 
Ne7 15.Nxe7 Kxe7 16.Bd4 f6 17.f4 Be6 18.fxe5 f5 19.Re3 Rhd8 20.Rh3 h6 21.
Rhd3 Bxb3 22.Rxb3 b6 23.h4 g6 24.a4 Rd5 25.Rg3 Rc6 26.Bc3 Rxd1+ 27.Kxd1 
Kf7 28.Rd3 Ke7 29.b3 g5 30.hxg5 hxg5 31.Rh3 g4 32.Rh7+ Ke6 33.Kd2 Bxe5 34.
Bxe5 Kxe5 35.Rxa7 Kf4 36.a5 Kg3 37.Ra6 Rd6+ 38.Kc3 Kxg2 39.axb6 Rd8 40.b7 
Rb8 41.Rf6 Rxb7 42.Rxf5 g3 43.b4 Kh2 44.b5 g2 45.Rh5+ Kg3 46.Rg5+ Kf2 47.
Kb4 g1=Q 48.Rxg1 Kxg1 49.c4 Kf2 50.c5 Ke3 51.c6 Rc7 52.Kc5 Rh7 53.b6 Rh5+ 
54.Kc4 Rh4+ 55.Kb5 Rh5+ 56.Ka6 1-0

[Event "POL-chT3"]
[Site "Jastrzebia Gora POL"]
[Date "2015.??.??"]
[Round "2.2"]
[White "Sygulski, Boguslaw"]
[Black "Cukrowski, Filip"]
[Result "1/2-1/2"]
[WhiteElo "2242"]
[BlackElo "2318"]
[EventDate "2015.??.??"]
[WhiteTitle "IM"]
[BlackTitle "m"]

1.e4 c5 2.Nf3 d6 3.d4 cxd4 4.Qxd4 a6 5.Be3 Nf6 6.Nc3 Nc6 7.Qb6 Qxb6 8.Bxb6
Bg4 9.O-O-O Rc8 10.Be2 g6 11.Be3 Bg7 12.h3 Bd7 13.Kb1 O-O 14.Rhe1 b5 15.
Bd3 Nb4 16.Bg5 h6 17.Bxf6 Bxf6 18.e5 dxe5 19.Bxg6 Bxh3 20.gxh3 fxg6 21.
Nxe5 Bxe5 22.Rxe5 Rxf2 23.Rxe7 Rf7 24.Re6 Kg7 25.a3 Nc6 26.Rdd6 Ne7 27.
Rxa6 Rc5 28.Ka2 Rh5 29.Ne4 Nd5 30.Rxg6+ Kh7 31.Rgd6 Kg7 32.Rg6+ Kh7 33.
Rge6 Rxh3 34.Rxh6+ Rxh6 35.Ng5+ Kg7 36.Rxh6 Rf5 37.Rh7+ Kg6 38.Rb7 Kxg5 
39.Kb3 Ne3 40.a4 bxa4+ 41.Kxa4 1/2-1/2

[Event "POL-chT3"]
[Site "Jastrzebia Gora POL"]
[Date "2015.??.??"]
[Round "2.3"]
[White "Goluch, Piotr"]
[Black "Markiewicz, Jerzy"]
[Result "1/2-1/2"]
[WhiteElo "2270"]
[BlackElo "2251"]
[EventDate "2015.??.??"]
[WhiteTitle "k++"]
[BlackTitle "FM"]

1.d4 Nf6 2.c4 c5 3.Nf3 cxd4 4.Nxd4 g6 5.g3 Bg7 6.Bg2 Nc6 7.Nc3 O-O 8.O-O 
Nxd4 9.Qxd4 d6 10.Qh4 Rb8 11.Bg5 Be6 12.Rac1 Qa5 13.a3 Rfc8 14.Nb5 h6 15.
Bxh6 Bxh6 16.Qxh6 Rxc4 17.Rxc4 Bxc4 18.Nc3 Qe5 19.Qd2 b6 20.Rd1 Kg7 21.e4 
Rc8 22.h3 Bb3 23.Re1 a5 24.Re3 Qc5 25.Qe2 Bc4 26.Qe1 e5 27.Qd2 b5 28.Bf3 
b4 29.axb4 axb4 30.Na4 Qb5 31.b3 Bxb3 32.Rxb3 Qxa4 33.Rxb4 Qa1+ 34.Kg2 Rc1
35.Kh2 Qc3 36.Qxc3 Rxc3 37.Kg2 Rd3 38.Be2 Rd2 39.Kf3 d5 40.exd5 Nxd5 41.
Re4 f6 42.Bc4 Nc3 43.Re1 Rd4 44.Bf1 Rd1 45.Rxd1 Nxd1 46.Ke2 Kg8 1/2-1/2

[Event "POL-chT3"]
[Site "Jastrzebia Gora POL"]
[Date "2015.??.??"]
[Round "2.4"]
[White "Zaskalski, Arkadiusz"]
[Black "Szczepaniak, Lukasz"]
[Result "1/2-1/2"]
[WhiteElo "2184"]
[BlackElo "2127"]
[EventDate "2015.??.??"]
[WhiteTitle "k"]
[BlackTitle "k"]

1.Nf3 f5 2.c4 Nf6 3.g3 g6 4.Bg2 Bg7 5.Nc3 O-O 6.O-O d6 7.d4 Nc6 8.d5 Ne5 
9.Nxe5 dxe5 10.b3 e4 11.Qc2 e6 12.Ba3 Re8 13.dxe6 Bxe6 14.Rad1 Qc8 15.f3 
exf3 16.exf3 Bd7 17.Nd5 Nxd5 18.cxd5 Bb5 19.Rfe1 Qd7 20.f4 Rxe1+ 21.Rxe1 
Bd4+ 22.Kh1 Re8 23.Qd2 Rxe1+ 24.Qxe1 Qe8 25.Qxe8+ Bxe8 26.Bf1 Bf7 27.Bg2 
Kg7 28.Bf3 Kf6 29.d6 c6 30.d7 Bb6 31.Bc5 Bc7 32.Bxa7 Ke7 33.Bd4 Kxd7 34.
Kg1 Ba5 35.Kf2 Kd6 36.Ke3 Bd5 37.Be2 Be1 38.Bg7 Ke6 39.Bd3 Ba5 40.Bd4 Kd6 
41.Bc2 Bb4 42.Be5+ 1/2-1/2

[Event "POL-chT3"]
[Site "Jastrzebia Gora POL"]
[Date "2015.??.??"]
[Round "2.5"]
[White "Babijczuk, Pawel"]
[Black "Markiewicz, Mateusz"]
[Result "0-1"]
[WhiteElo "1968"]
[BlackElo "2040"]
[EventDate "2015.??.??"]
[WhiteTitle "I"]
[BlackTitle "I++"]

1.c3 e5 2.d3 d5 3.e4 dxe4 4.dxe4 Qxd1+ 5.Kxd1 Bc5 6.Be3 Bxe3 7.fxe3 Nf6 8.
Bd3 Bg4+ 9.Kc2 Nbd7 10.b4 a5 11.a4 O-O 12.Nf3 Bh5 13.h3 h6 14.Nbd2 Bg6 15.
Nh4 Nb6 16.Nxg6 fxg6 17.b5 Nh5 18.g4 Nf6 19.Nb3 Nfd7 20.Rhf1 Rxf1 21.Bxf1 
Rf8 22.c4 Rf2+ 23.Kc3 Kf8 24.c5 Nxa4+ 25.Rxa4 Rxf1 26.Rxa5 b6 27.Ra7 Nxc5 
28.Nxc5 Rc1+ 29.Kb4 Rxc5 30.Ra8+ Ke7 31.Rg8 Kf7 32.Rd8 Ke7 33.Rg8 Kf7 34.
Rd8 Kf6 35.Rf8+ Kg5 36.Rf7 Kh4 37.Rxg7 g5 38.Rg6 Kxh3 39.Rxh6+ Kxg4 40.Rf6
Kh3 41.Rh6+ Kg3 42.Rc6 Rxc6 43.bxc6 Kf3 0-1

[Event "POL-chT3"]
[Site "Jastrzebia Gora POL"]
[Date "2015.??.??"]
[Round "2.6"]
[White "Jalowiec, Halina"]
[Black "Kulon, Klaudia"]
[Result "0-1"]
[WhiteElo "1985"]
[BlackElo "2250"]
[EventDate "2015.??.??"]
[WhiteTitle "WFM"]
[BlackTitle "WGM"]

1.e4 e5 2.Nf3 Nc6 3.Bb5 a6 4.Ba4 Nf6 5.O-O Be7 6.c3 b5 7.Bc2 d6 8.h3 Bb7 
9.Re1 O-O 10.d4 exd4 11.Nxd4 Re8 12.Nd2 Bf8 13.f4 g6 14.N4f3 d5 15.e5 Bc5+
16.Kh2 Nh5 17.Nf1 d4 18.g4 Ng7 19.cxd4 Nxd4 20.Nxd4 Bxd4 21.Ng3 f6 22.Bb3+
Kh8 23.e6 c5 24.f5 gxf5 25.gxf5 Qd6 26.Qg4 Be5 27.Rf1 c4 28.Bc2 Rg8 29.Bf4
Nh5 30.Rad1 Rxg4 31.hxg4 Bxf4 32.Rxd6 Bxg3+ 33.Kh3 Bxd6 34.gxh5 Kg7 35.Re1
Rg8 36.Rd1 Rd8 37.Re1 Be7 38.Re2 Kh6 0-1

[Event "POL-chT3"]
[Site "Jastrzebia Gora POL"]
[Date "2015.??.??"]
[Round "2.7"]
[White "Nguyen, Piotr"]
[Black "Sopur, Lech"]
[Result "0-1"]
[WhiteElo "2327"]
[BlackElo "2419"]
[EventDate "2015.??.??"]
[WhiteTitle "m"]
[BlackTitle "m"]

1.c4 g6 2.g3 Bg7 3.Bg2 d6 4.Nc3 Nc6 5.e4 Nf6 6.Nge2 h5 7.h3 e5 8.d3 Be6 9.
Nd5 Nh7 10.O-O O-O 11.f4 f5 12.exf5 Bxf5 13.Kh2 Qd7 14.fxe5 dxe5 15.Nec3 
Nd4 16.Ne4 Ne6 17.Nf2 Nd4 18.b3 c6 19.Nc3 Rad8 20.Ba3 Rf7 21.Qd2 Qc7 22.
Nfe4 Rfd7 23.Rad1 Ne6 24.Qe3 h4 25.g4 Bxe4 26.Bxe4 Nf4 27.Qxa7 Ng5 28.Bc5 
Qc8 29.Bb6 Re8 30.Bf2 Ngxh3 31.Bxh4 Rd6 32.Bf3 g5 33.Bg3 Rh6 34.Bxf4 exf4 
35.Ne4 Nf2+ 36.Kg2 Nxg4 37.Rde1 Ne3+ 38.Rxe3 Qh3+ 39.Kf2 fxe3+ 40.Qxe3 g4 
41.Rh1 Bd4 0-1

[Event "POL-chT3"]
[Site "Jastrzebia Gora POL"]
[Date "2015.??.??"]
[Round "2.8"]
[White "Sapis, Witalis"]
[Black "Licznerski, Lukasz"]
[Result "0-1"]
[WhiteElo "2396"]
[BlackElo "2293"]
[EventDate "2015.??.??"]
[WhiteTitle "IM"]
[BlackTitle "FM"]

1.d4 Nf6 2.Nf3 g6 3.Bf4 Bg7 4.e3 d6 5.h3 O-O 6.c3 b6 7.a4 a6 8.Nbd2 Bb7 9.
Be2 c5 10.O-O Nbd7 11.Bh2 Qc7 12.Qb3 Bc6 13.Qa3 Qb7 14.b4 cxd4 15.cxd4 Ne4
16.Qb2 Nxd2 17.Qxd2 b5 18.a5 Rac8 19.Rfc1 Nf6 20.Ne1 Rc7 21.Bf1 Rfc8 22.
Nd3 Bd5 23.Rxc7 Rxc7 24.Rc1 Bc4 25.Nb2 Bxf1 26.Kxf1 Nd5 27.Rxc7 Qxc7 28.
Ke1 Qc6 29.f3 Bh6 30.Bg1 e6 31.Bf2 Kf8 32.Ke2 Nc3+ 33.Kd3 Na2 34.Ke2 Qd5 
35.Nd3 Qc4 36.Be1 Ke8 37.Qb2 Kd7 38.Bd2 Bg7 39.Qa3 Qc2 40.Qb2 Qc4 41.Qa3 
e5 42.dxe5 Bxe5 43.Ke1 Bc3 44.Ke2 f5 45.Be1 Bxe1 46.Kxe1 Nc3 47.Nc1 Nd5 
48.Kd2 Nxb4 49.Qc3 Qxc3+ 50.Kxc3 Nc6 51.Nb3 Ke6 52.Kd3 Kd5 53.Kc3 b4+ 54.
Kd3 Ne5+ 55.Kc2 Kc4 56.h4 Nc6 57.h5 Kb5 58.h6 Ka4 59.e4 fxe4 60.f4 e3 61.
Nc1 b3+ 62.Kb2 Nd4 63.g4 e2 64.Nd3 Nf3 0-1

[Event "POL-chT3"]
[Site "Jastrzebia Gora POL"]
[Date "2015.??.??"]
[Round "2.9"]
[White "Grzelak, Artur"]
[Black "Swic, Waldemar"]
[Result "1-0"]
[WhiteElo "2147"]
[BlackElo "2345"]
[EventDate "2015.??.??"]
[WhiteTitle "m"]
[BlackTitle "FM"]

1.d4 Nf6 2.Nf3 g6 3.Bf4 Bg7 4.e3 O-O 5.Be2 d6 6.O-O Nh5 7.Bg5 h6 8.Bh4 g5 
9.Nfd2 Nf4 10.exf4 gxh4 11.Nf3 e6 12.c3 Nc6 13.Nbd2 Ne7 14.Bd3 Nd5 15.g3 
hxg3 16.hxg3 f5 17.Nc4 Qf6 18.Ne3 Ne7 19.Re1 Ng6 20.Qb3 Kh8 21.Ng2 b6 22.
Ngh4 Nxh4 23.Nxh4 Bd7 24.d5 exd5 25.Re7 Rf7 26.Qxd5 Raf8 27.Rae1 c6 28.Qb3
d5 29.Qa3 a5 30.R7e5 Rg8 31.Nxf5 Bf8 32.Qb3 Bc5 33.Kf1 Qg6 34.Qc2 Qg4 35.
Nd4 Bxd4 36.cxd4 Qf3 37.R1e3 Qh1+ 38.Ke2 Bg4+ 39.Kd2 c5 40.dxc5 d4 41.Re1 
Qf3 42.Kc1 1-0

[Event "POL-chT3"]
[Site "Jastrzebia Gora POL"]
[Date "2015.??.??"]
[Round "2.10"]
[White "Gradowski, Jacek"]
[Black "Szymczak, Rafal"]
[Result "1/2-1/2"]
[WhiteElo "2137"]
[BlackElo "2062"]
[EventDate "2015.??.??"]
[WhiteTitle "I+"]
[BlackTitle "k"]

1.d4 f5 2.Bg5 g6 3.h4 Nh6 4.Nc3 Nf7 5.e4 Nxg5 6.hxg5 fxe4 7.Nxe4 Bg7 8.c3 
d5 9.Ng3 Qd6 10.Nf3 Nd7 11.Qd2 e5 12.dxe5 Nxe5 13.Be2 Nxf3+ 14.Bxf3 Be6 
15.O-O-O O-O-O 16.Rh4 Qa6 17.Qe2 Qxe2 18.Nxe2 c6 19.Rdh1 h5 20.gxh6 Bf6 
21.R4h2 Bg5+ 22.Kc2 Rh7 23.Nd4 Bd7 24.Be2 Rdh8 25.Bd3 Be8 26.Ne6 Rxh6 27.
Rxh6 Rxh6 28.Re1 Be7 29.f4 Bd7 30.Ng5 Bxg5 31.fxg5 Rh5 32.Re5 Rh2 33.Re2 
Rh5 34.Bxg6 Rxg5 35.Bd3 c5 36.Rf2 c4 37.Be2 Kc7 38.Kd2 Kd6 39.Bf3 b5 40.
Ke3 Kc5 41.g4 a5 42.Rh2 Bxg4 43.Kf4 Bxf3 44.Kxg5 d4 45.Kf4 Bd5 46.cxd4+ 
Kxd4 47.Rd2+ Kc5 48.Ke5 Bc6 49.a3 b4 50.axb4+ axb4 51.Rh2 c3 52.bxc3 bxc3 
53.Rc2 1/2-1/2

[Event "POL-chT3"]
[Site "Jastrzebia Gora POL"]
[Date "2015.??.??"]
[Round "2.11"]
[White "Pietocha, Pawel"]
[Black "Flis, Pawel"]
[Result "1-0"]
[WhiteElo "2077"]
[BlackElo "2017"]
[EventDate "2015.??.??"]
[WhiteTitle "I++"]
[BlackTitle "k"]

1.e4 c5 2.c3 g6 3.d4 cxd4 4.cxd4 d5 5.Nc3 dxe4 6.Bc4 Bg7 7.Nge2 Nf6 8.Bf4 
O-O 9.O-O Nc6 10.a3 Bg4 11.d5 Na5 12.Ba2 Rc8 13.h3 Bxe2 14.Qxe2 a6 15.Be5 
b5 16.Rfd1 Nb7 17.b4 Nd6 18.a4 Qb6 19.Bd4 Qb7 20.Bb3 Nfe8 21.Bxg7 Nxg7 22.
Nxe4 Nxe4 23.Qxe4 Rc3 24.Rdb1 Nf5 25.axb5 axb5 26.Bd1 Rfc8 27.Bg4 R8c4 28.
Qe5 Nd6 29.Re1 h5 30.Bf3 Rc7 31.Qg5 Kh7 32.Rab1 Rc2 33.Re3 Nf5 34.d6 Rc1+ 
35.Re1 Rxb1 36.Rxb1 Qb6 37.dxc7 Qxc7 38.Qc1 Qe5 39.Qc5 Qf4 40.Qxb5 Nd4 41.
Qd5 1-0

[Event "POL-chT3"]
[Site "Jastrzebia Gora POL"]
[Date "2015.??.??"]
[Round "2.12"]
[White "Antolak, Julia"]
[Black "Leszner, Liliana"]
[Result "1-0"]
[WhiteElo "1945"]
[BlackElo "2027"]
[EventDate "2015.??.??"]
[WhiteTitle "k+"]
[BlackTitle "WIM"]

1.e4 d6 2.d4 g6 3.Nc3 Bg7 4.Bg5 a6 5.f4 Nc6 6.d5 Nd4 7.Qd2 c5 8.Nd1 Nf6 9.
Bxf6 Bxf6 10.c3 Nb5 11.Nf3 Bg4 12.Be2 O-O 13.Ne3 Bd7 14.h4 h5 15.Ng5 e5 
16.Nc4 Qe7 17.f5 gxf5 18.Bxh5 f4 19.O-O-O Kg7 20.Nb6 Rad8 21.Nxd7 Qxd7 22.
g3 Bxg5 23.hxg5 Qe7 24.gxf4 exf4 25.Qxf4 Qe5 26.Rdf1 Qxf4+ 27.Rxf4 Rde8 
28.Rhf1 Re7 29.Rf6 Rxe4 30.Rxf7+ Rxf7 31.Rxf7+ Kg8 32.Rxb7 Rf4 33.Be2 Kf8 
34.g6 c4 35.a4 Re4 36.axb5 1-0

[Event "POL-chT3"]
[Site "Jastrzebia Gora POL"]
[Date "2015.??.??"]
[Round "2.13"]
[White "Krysztofiak, Marcin"]
[Black "Wandzik, Wojciech"]
[Result "1/2-1/2"]
[WhiteElo "2392"]
[BlackElo "2360"]
[EventDate "2015.??.??"]
[WhiteTitle "IM"]
[BlackTitle "m"]

1.d4 Nf6 2.Nf3 e6 3.c4 d5 4.e3 Be7 5.b3 O-O 6.Bb2 Ne4 7.Bd3 f5 8.O-O c6 9.
Ne5 Nd7 10.Nxd7 Bxd7 11.f3 Nd6 12.Nd2 Be8 13.Qc2 Bg6 14.a4 Qd7 15.c5 Nf7 
16.b4 Bf6 17.f4 Bh5 18.Nf3 Bxf3 19.Rxf3 Kh8 20.Kh1 g5 21.fxg5 Nxg5 22.Rf4 
Bd8 23.Raf1 Bc7 24.Rh4 Qe7 25.Bc3 Rf7 26.Be1 Rg8 27.Rh5 Rfg7 28.Bh4 Qf7 
29.Qe2 Ne4 30.Bxe4 dxe4 31.Rh6 Rg6 32.Qh5 R8g7 33.Rxg6 Rxg6 34.g4 Rg7 35.
Qxf7 Rxf7 36.gxf5 Rxf5 37.Rxf5 exf5 38.Kg2 Kg7 39.Bg3 Bd8 40.b5 Kf7 41.
bxc6 bxc6 42.d5 Bg5 43.dxc6 Ke6 44.Kf2 Be7 45.c7 Kd7 46.Bd6 Bh4+ 47.Ke2 
Bf6 48.Kd2 Bg5 49.Ke2 Bf6 50.Kd2 Bg5 51.Ke2 1/2-1/2

[Event "POL-chT3"]
[Site "Jastrzebia Gora POL"]
[Date "2015.??.??"]
[Round "2.14"]
[White "Mroziak, Maciej"]
[Black "Grabarczyk, Miroslaw"]
[Result "1/2-1/2"]
[WhiteElo "2338"]
[BlackElo "2442"]
[EventDate "2015.??.??"]
[WhiteTitle "m"]
[BlackTitle "GM"]

1.e4 e5 2.Nf3 Nf6 3.Nxe5 d6 4.Nf3 Nxe4 5.Nc3 Nf6 6.d4 Be7 7.h3 Bf5 8.Bd3 
Bg6 9.Bf4 O-O 10.Bxg6 hxg6 11.O-O Na6 12.Re1 Re8 13.Qd2 c6 14.Ne4 Nc7 15.
Nxf6+ gxf6 16.Qd3 Qd7 17.Re2 Bf8 18.Rae1 Rxe2 19.Rxe2 Ne6 20.Bd2 d5 21.Nh2
Bg7 22.c3 Re8 23.Ng4 Nc7 24.Bf4 Rxe2 25.Qxe2 Ne6 26.Bd2 Qd8 27.Nh2 Qa5 28.
a3 Qa4 29.Bc1 Qc4 30.Qxc4 dxc4 31.Kf1 b5 32.Ke2 f5 33.Nf3 Kf8 34.Be3 a6 
35.g3 Ke7 36.Nd2 Kd7 37.f3 Nc7 38.g4 Ke6 39.h4 Nd5 40.Nf1 f4 41.Bf2 f5 42.
g5 Nb6 43.Kd1 Na4 44.Kc2 Bf8 45.Nd2 Nb6 46.Bg1 Bd6 47.Nf1 Kd5 48.Nd2 Nd7 
49.Bf2 c5 50.b3 cxb3+ 51.Kxb3 c4+ 52.Kb2 Nb6 53.Nb1 Ke6 54.Kc2 Kd7 55.Kc1 
Kc6 56.Kc2 Nd5 57.Bg1 Kb6 58.Kc1 Ka5 59.Kb2 Ka4 60.Kc2 a5 61.Kb2 Be7 62.
Bh2 Bd6 63.Bg1 Be7 64.Bh2 b4 65.axb4 axb4 1/2-1/2

[Event "POL-chT3"]
[Site "Jastrzebia Gora POL"]
[Date "2015.??.??"]
[Round "2.15"]
[White "Borgula, Rafal"]
[Black "Lizak, Jakub"]
[Result "1/2-1/2"]
[WhiteElo "2267"]
[BlackElo "2113"]
[EventDate "2015.??.??"]
[WhiteTitle "FM"]
[BlackTitle "k"]

1.d4 Nf6 2.Nf3 g6 3.c4 Bg7 4.Nc3 d5 5.cxd5 Nxd5 6.Qb3 Nb6 7.Bf4 O-O 8.e3 
Be6 9.Qd1 c5 10.dxc5 Nd5 11.Be5 Qa5 12.Bxg7 Kxg7 13.Nd4 Nxc3 14.Nxe6+ fxe6
15.Qd4+ Rf6 16.Qxc3 Qxc3+ 17.bxc3 Nd7 18.c6 bxc6 19.Rb1 Rb8 20.Rxb8 Nxb8 
21.Bc4 Nd7 22.Ke2 Nc5 23.f3 Rf8 24.Rb1 Kf6 25.Rb4 Ke5 26.Bb3 a5 27.Rb6 Kd6
28.Bc2 Kc7 29.Rb1 e5 30.h4 Rg8 31.Kf2 Rd8 32.Ke2 Rg8 33.Kf2 Rd8 34.Ke2 
1/2-1/2

[Event "POL-chT3"]
[Site "Jastrzebia Gora POL"]
[Date "2015.??.??"]
[Round "2.16"]
[White "Duda, Lukasz"]
[Black "Robak, Zbigniew"]
[Result "1/2-1/2"]
[WhiteElo "2153"]
[BlackElo "2192"]
[EventDate "2015.??.??"]
[WhiteTitle "I++"]
[BlackTitle "m"]

1.e4 c5 2.Nc3 Nc6 3.d3 g6 4.Be3 d6 5.Qd2 Bg7 6.g3 Nf6 7.Bh6 Bxh6 8.Qxh6 
Nd4 9.Qd2 Qb6 10.Nd1 Bg4 11.c3 Bf3 12.cxd4 Bxh1 13.f3 cxd4 14.Nf2 Bxf3 15.
Nxf3 Rc8 16.Be2 h5 17.Bd1 Qc5 18.h3 Nd7 19.Bb3 Ne5 20.Nxe5 Qxe5 21.Qf4 
Qxf4 22.gxf4 h4 23.Kd2 e6 24.Re1 Rh5 25.Ng4 Ke7 26.Nh2 Rb5 27.Nf3 e5 28.
fxe5 dxe5 29.Rc1 Rxc1 30.Kxc1 Rc5+ 31.Kd2 Kf6 32.Nxh4 Kg5 33.Ng2 f5 34.Bd1
Rb5 35.h4+ Kf6 36.Kc1 Rc5+ 37.Kd2 Rb5 38.Kc2 Rc5+ 39.Kd2 Rb5 40.Kc2 Rc5+ 
41.Kd2 Rb5 1/2-1/2

[Event "POL-chT3"]
[Site "Jastrzebia Gora POL"]
[Date "2015.??.??"]
[Round "2.17"]
[White "Konieczynski, Piotr"]
[Black "Dudys, Jakub"]
[Result "1/2-1/2"]
[WhiteElo "1975"]
[BlackElo "2115"]
[EventDate "2015.??.??"]
[WhiteTitle "I++"]
[BlackTitle "I++"]

1.d4 Nf6 2.Nf3 e6 3.c4 c5 4.d5 exd5 5.cxd5 d6 6.Nc3 g6 7.e4 Bg7 8.h3 O-O 
9.Bd3 b5 10.Nxb5 Re8 11.O-O Nxe4 12.Re1 f5 13.Qc2 Bd7 14.Bf4 Qb6 15.Nc3 
Na6 16.a3 Nf6 17.Nd2 Bf8 18.Nc4 Qb8 19.Rxe8 Bxe8 20.Qe2 Bf7 21.Bxd6 Bxd6 
22.Nxd6 Qxd6 23.Bxa6 Nxd5 24.Nxd5 Qxd5 25.Rc1 Rb8 26.Bc4 Qd4 27.Bxf7+ Kxf7
28.b4 Re8 29.Qa2+ c4 30.Qxc4+ Qxc4 31.Rxc4 Re1+ 32.Kh2 Re7 33.Kg3 Kf6 34.
Rc5 Kg5 35.f4+ Kh5 36.Kf3 Kh4 37.g4 Rf7 38.gxf5 gxf5 39.Kg2 h5 40.a4 Rg7+ 
41.Kh2 Rg3 42.Rxf5 Rxh3+ 43.Kg2 Rb3 44.Rb5 a5 45.Rb7 Kg4 1/2-1/2

[Event "POL-chT3"]
[Site "Jastrzebia Gora POL"]
[Date "2015.??.??"]
[Round "2.18"]
[White "Szydlowska-Duda, Marta"]
[Black "Weglarz, Joanna"]
[Result "0-1"]
[WhiteElo "1990"]
[BlackElo "2004"]
[EventDate "2015.??.??"]
[WhiteTitle "k"]
[BlackTitle "k"]

1.d4 d5 2.Nf3 Nf6 3.Bf4 c5 4.e3 Nc6 5.c3 Qb6 6.Qb3 c4 7.Qxb6 axb6 8.Na3 
Na7 9.Be2 e6 10.Nc2 Nc6 11.O-O Ne4 12.Ne5 f6 13.Nxc6 bxc6 14.f3 Nd6 15.e4 
Be7 16.Rfe1 Kf7 17.Bf1 Bd7 18.a3 b5 19.Re3 dxe4 20.fxe4 Nc8 21.Rae1 Nb6 
22.g4 Rhe8 23.h3 Bf8 24.R3e2 e5 25.Bg3 exd4 26.cxd4 Na4 27.Nb4 c5 28.dxc5 
Bxc5+ 29.Bf2 Re5 30.Bxc5 Nxc5 31.Bg2 Rae8 32.Rd2 R8e6 33.Red1 Bc8 34.Rd8 
Bb7 35.Rb8 Re8 36.Rxe8 Kxe8 37.Nd5 Bxd5 38.exd5 Nd3 39.Rd2 Kd7 40.Kf1 Re1#
0-1

[Event "POL-chT3"]
[Site "Jastrzebia Gora POL"]
[Date "2015.??.??"]
[Round "2.19"]
[White "Szczepkowska-Horowska, Karina"]
[Black "Sivuk, Vitaly"]
[Result "0-1"]
[WhiteElo "2395"]
[BlackElo "2479"]
[EventDate "2015.??.??"]
[WhiteTitle "WGM"]
[BlackTitle "GM"]

1.d4 d6 2.c4 e5 3.Nf3 e4 4.Ng5 f5 5.Nc3 Be7 6.Nh3 c6 7.g3 Nf6 8.Bg2 O-O 9.
O-O Kh8 10.Rb1 d5 11.c5 Na6 12.b4 Nc7 13.f3 Qe8 14.a4 h6 15.b5 Ne6 16.Nf4 
Nd8 17.Nh3 g5 18.f4 Nh7 19.a5 a6 20.bxc6 bxc6 21.Na4 Be6 22.Rb6 Rg8 23.Be3
Qh5 24.Qd2 Nf8 25.Rfb1 Nd7 26.R6b2 Ra7 27.Rb3 Bf6 28.Nb6 Nf8 29.Na4 Qg6 
30.Rb6 Qg7 31.Kf1 Bf7 32.Rd1 Bh5 33.Rb3 Nfe6 34.Nb6 Rb7 35.Rb4 Bg4 36.Nf2 
gxf4 37.Bxf4 Nxf4 38.Qxf4 Ne6 39.Qd6 f4 40.Nxg4 Qxg4 41.Rb3 Qf5 42.Kg1 
Nxd4 43.Rb2 Be5 44.Qxh6+ Rh7 0-1

[Event "POL-chT3"]
[Site "Jastrzebia Gora POL"]
[Date "2015.??.??"]
[Round "2.20"]
[White "Kowalczyk, Pawel"]
[Black "Tomaszewski, Kacper"]
[Result "1-0"]
[WhiteElo "2352"]
[BlackElo "2278"]
[EventDate "2015.??.??"]
[WhiteTitle "I++"]
[BlackTitle "k"]

1.d4 Nf6 2.e3 g6 3.g4 h6 4.Bg2 d5 5.h3 Bg7 6.c4 c6 7.b3 O-O 8.Ne2 b5 9.O-O
bxc4 10.bxc4 Ba6 11.cxd5 cxd5 12.Nbc3 Bc4 13.Re1 Nc6 14.Nf4 e6 15.Ba3 Re8 
16.Rc1 Rc8 17.Qa4 Qa5 18.Qxa5 Nxa5 19.Bc5 Nd7 20.Bb4 Nc6 21.Bd6 Nb6 22.a4 
Red8 23.Bc5 Nd7 24.Ba3 a6 25.Ne4 Bf8 26.Bxf8 Nxf8 27.Nc5 e5 28.dxe5 Nxe5 
29.Nb7 Rd7 30.Na5 Rcc7 31.Red1 Rc5 32.Nxc4 dxc4 33.Nd5 Kg7 34.f4 Nc6 35.
Nc3 Rxd1+ 36.Rxd1 Nb4 37.Rd6 Ne6 38.Bf1 a5 39.Kf2 Kf8 40.Rd1 Ke7 41.Ke1 
Nc7 42.Bg2 f5 43.Ke2 Nd3 44.gxf5 gxf5 45.Bf3 Ne6 46.Rb1 Nb4 47.Rg1 Kf7 48.
Bh5+ Ke7 49.Bf3 Kf7 50.Rc1 Nd3 51.Rd1 Ke7 52.Rg1 Rc8 53.Bd5 Nexf4+ 54.exf4
Nxf4+ 55.Ke3 Nxh3 56.Rh1 f4+ 57.Kd4 Ng5 58.Rxh6 f3 59.Bxc4 Rf8 60.Nd5+ Kd8
61.Ra6 Rf5 62.Bb5 1-0

[Event "POL-chT3"]
[Site "Jastrzebia Gora POL"]
[Date "2015.??.??"]
[Round "2.21"]
[White "Matuszczyk, Przemyslaw"]
[Black "Jagodzinski, Piotr"]
[Result "0-1"]
[WhiteElo "2086"]
[BlackElo "2246"]
[EventDate "2015.??.??"]
[WhiteTitle "I++"]
[BlackTitle "k++"]

1.e4 c6 2.d4 d5 3.Nd2 a6 4.Ngf3 Bg4 5.e5 e6 6.Nb3 Nd7 7.Be3 c5 8.c3 Qb6 9.
dxc5 Qc7 10.Bd4 Rc8 11.Nbd2 Bxc5 12.Be2 Ne7 13.O-O O-O 14.h3 Bf5 15.Bxc5 
Qxc5 16.Re1 Nc6 17.Nb3 Qb6 18.Bd3 Bxd3 19.Qxd3 a5 20.Rab1 a4 21.Nbd4 Nc5 
22.Qb5 Qxb5 23.Nxb5 Ra8 24.Re2 Ra5 25.Nbd4 Rc8 26.Kf1 h6 27.g3 Ne4 28.Nxc6
Rxc6 29.Nd2 Nxd2+ 30.Rxd2 Rb5 31.Rd3 h5 32.h4 Kh7 33.Ke2 Rcb6 34.Rd2 Kg6 
35.Kd3 Rc5 36.b3 Kf5 37.Re2 Rbc6 38.Rc1 axb3 39.axb3 Rb6 40.Rb1 Rbc6 41.
Rc1 Ra6 42.Rb1 Rca5 43.Rbb2 Ra1 44.Kd4 R1a5 45.Kd3 Rb6 46.Re1 Rab5 47.Kc2 
Rc5 48.Kd3 Rbc6 49.Rc2 b5 50.Kd4 b4 51.c4 Rc8 52.Re3 f6 53.f4 R8c6 54.Rc1 
Ra5 55.Rd1 dxc4 56.bxc4 Rc8 57.Kd3 Ra2 58.Ree1 Ra3+ 59.Kd4 Rc3 0-1

[Event "POL-chT3"]
[Site "Jastrzebia Gora POL"]
[Date "2015.??.??"]
[Round "2.22"]
[White "Dobrowolski, Aleksander"]
[Black "Smolka, Marcin"]
[Result "1/2-1/2"]
[WhiteElo "2281"]
[BlackElo "2070"]
[EventDate "2015.??.??"]
[WhiteTitle "m"]
[BlackTitle "k"]

1.e4 e5 2.Nf3 Nc6 3.Bb5 a6 4.Ba4 Nf6 5.O-O Nxe4 6.d4 b5 7.Bb3 d5 8.dxe5 
Be6 9.Nbd2 Nc5 10.c3 d4 11.Ng5 Qxg5 12.Qf3 O-O-O 13.Bxe6+ fxe6 14.Qxc6 
Qxe5 15.b4 dxc3 16.bxc5 cxd2 17.Qxa6+ Kd7 18.Bxd2 Qxc5 19.Bf4 e5 20.Rac1 
Qb6 21.Rfd1+ Ke7 22.Rxc7+ Qxc7 23.Bg5+ Kf7 24.Bxd8 Qc4 25.a4 Bc5 26.Qb7+ 
Kg6 27.Qc6+ Kh5 28.Qf3+ Qg4 29.Rd5 Qxf3 30.gxf3 bxa4 31.Bc7 Bd4 32.Bxe5 
Bxe5 33.Rxe5+ Kg6 34.Ra5 Rf8 35.Rxa4 Rxf3 36.Kg2 Rf6 37.f4 Kh5 38.Kg3 g5 
39.fxg5 Kxg5 40.Rg4+ Kh6 41.Rh4+ 1/2-1/2

[Event "POL-chT3"]
[Site "Jastrzebia Gora POL"]
[Date "2015.??.??"]
[Round "2.23"]
[White "Wolynski, Krzysztof"]
[Black "Dowgird, Filip"]
[Result "1/2-1/2"]
[WhiteElo "2061"]
[BlackElo "2208"]
[EventDate "2015.??.??"]
[WhiteTitle "I+"]
[BlackTitle "k"]

1.e4 g6 2.d4 Bg7 3.Nc3 d6 4.Be3 a6 5.a4 Nd7 6.f4 e6 7.Bc4 d5 8.Bb3 dxe4 9.
Nxe4 Ndf6 10.Nxf6+ Nxf6 11.Qf3 Nd5 12.Bf2 Qd6 13.Ne2 Bd7 14.c4 Qb4+ 15.Kf1
Ne7 16.c5 Bc6 17.Qh3 Bd5 18.Ra3 Bxb3 19.Be1 Qc4 20.Qxb3 Qxb3 21.Rxb3 O-O-O
22.Rd3 Nf5 23.Bc3 h5 24.Kf2 Rd5 25.Rhd1 Rhd8 26.b4 b6 27.g3 Kb7 28.h3 bxc5
29.bxc5 Ne7 30.Ng1 Nc6 31.Nf3 e5 32.fxe5 Bxe5 33.Nxe5 Nxe5 34.Re3 Nc6 35.
Red3 g5 36.Ke3 f5 37.R3d2 Re8+ 38.Kf2 g4 39.Re2 Rxe2+ 40.Kxe2 Ne7 41.Kd3 
Kc6 42.Re1 Kd7 43.Kc4 c6 44.Rh1 Ke6 45.Ba5 f4 46.hxg4 fxg3 47.Bc7 g2 48.
Rg1 Rg5 49.Rxg2 Nd5 50.Re2+ Kd7 51.Be5 Rxg4 52.Rf2 Re4 53.Kb3 Re3+ 54.Kb2 
Nb4 55.Rf5 h4 56.Bh8 h3 57.Rh5 Ke6 58.Bg7 a5 59.Bh6 Rd3 60.Bf4 Rxd4 61.Bc7
Nd5 62.Bxa5 Rxa4 63.Bd2 Rc4 64.Rxh3 Rxc5 65.Rh4 1/2-1/2